| 000 | 00637nam a22002057a 4500 | ||
|---|---|---|---|
| 003 | OSt | ||
| 005 | 20240715162839.0 | ||
| 008 | 240715b |||||||| |||| 00| 0 eng d | ||
| 020 | _a9781412958318 | ||
| 040 |
_aDDC _cMUST |
||
| 082 | _a364.3 BAR 2008 | ||
| 100 |
_aBartol Anne M. AND Bartol Curt R. _918733 |
||
| 245 |
_aCurrent Perspectives: _bForensic Psychology and Criminal Behavior/ _cBartol Anne M. AND Bartol Curt R. |
||
| 250 | _aSecond Edition | ||
| 260 |
_aLondon: _bSage; _c2008. |
||
| 300 |
_a329p.: _c23cm. |
||
| 504 | _aIncludes Bibliographical References and Indexes | ||
| 650 |
_aPsychology _931 |
||
| 942 |
_2ddc _cO_SHELF |
||
| 999 |
_c9188 _d9188 |
||